| 000 | 00797cab a2200241 4500 | ||
|---|---|---|---|
| 001 | WB3414-28 | ||
| 008 | 090401t1998 xxu||||| |||| 00| 0 eng d | ||
| 035 | _a(Sirsi) u85521 | ||
| 041 | _aeng | ||
| 245 | _aRICS warning on PII | ||
| 260 | _c1998 | ||
| 350 | _a0 | ||
| 490 |
_aCSM (Chartered Surveyor Monthly) _v7(7) April 1998, 6(1) |
||
| 520 | _aThe RICS urges members in the public and corporate sectors to check they are fully covered by professional indemnity insurance in case they are found negligent by a client. | ||
| 650 | _aNEGLIGENCE | ||
| 650 | _aPROFESSIONAL INDEMNITY INSURANCE | ||
| 650 | _aPROFESSIONAL LIABILITY | ||
| 650 | _aPUBLIC SECTOR | ||
| 650 | _aRICS | ||
| 690 | _aMANAGEMENT-BUSINESS MANAGEMENT-PROFESSIONAL PRACTICE | ||
| 942 | _n0 | ||
| 948 | _c09/04/1998 | ||
| 999 |
_c53783 _d53783 |
||